Statistics for Top 25 most subscribed youtube channels

Click here to take the quiz!

General Stats

  • This quiz has been taken 8 times
  • The average score is 5 of 15

Answer Stats

HintAnswer% Correct
USAMrBeast
100%
SwedenPewDiePie
100%
IndiaT-Series
100%
USACocomelon
63%
USAWWE
25%
Cyprus5-Minutes Crafts
13%
South KoreaBlackpink
13%
IndiaGoldmines Telefilms
13%
CanadaJustin Bieber
13%
UkraineKids Diana Show
13%
RussiaLike Nasty
13%
IndiaSET India
13%
IndiaSony SAB
13%
RussiaVlad and Niki
13%
IndiaZee Music
13%

Score Distribution

Percentile by Number Answered

Percent of People with Each Score

Your Score History

You have not taken this quiz